Elben in Tolkiens Legendarium - Statistiken

Allgemein
  • Dieses Quiz wurde 24 mal gespielt
  • Das Durchschnittsergebnis liegt bei 25 aus 115
Antwortstatistiken
Clan Nr Hinweis Antwort % Korrekt
Peredhil 39 Herr von Bruchtal Elrond Peredhel
100%
Noldor (Deep-elves) 59 Herrin von Lórien Galadriel
100%
Sindar 17 Herr von Lórien Celeborn der Weise
86%
Noldor (Deep-elves) 50 Zweiter König der Noldor in Valinor Fëanor
86%
Sindar 113 Zweiter König des Waldlandreichs Thranduil
76%
Peredhil 14 Erste Königin des Wiedervereinigten Königreichs Arwen Abendstern
71%
Sindar 81 Mitglied der Gemeinschaft des Ringes Legolas Grünblatt
71%
Peredhil 35 Erster König von Númenor Elerossë Tar-Minyatur
67%
Sindar 21 Herr der Grauen Anfurten Círdan der Schiffbauer
62%
Sindar 40 Erster König von Doriath Elu Thingol
62%
Noldor (Deep-elves) 48 Vierter Hoher König der Noldor in Mittelerde Ereinion Gil-galad
62%
Noldor (Deep-elves) 54 Erster Hoher König der Noldor in Mittelerde Fingolfin
62%
Noldor (Deep-elves) 56 Erster König von Nargothrond Finrod Felagund
62%
Nandor 70 Grenzwächter von Lórien, Bruder von 102 und 108 Haldir
62%
Sindar 84 Herrin von Tol Galen Lúthien Tinúviel
62%
Noldor (Deep-elves) 57 Erster König der Noldor in Valinor Finwë Ñoldóran
57%
Noldor (Deep-elves) 22 Herr von Himlad Curufin der Geschickte
48%
Peredhil 27 Sohn von Tuor und 71 Eärendil Ardamírë
48%
Noldor (Deep-elves) 55 Zweiter Hoher König der Noldor in Mittelerde Fingon der Kühne
48%
Noldor (Deep-elves) 67 Herr des Hauses der Goldenen Blume Glorfindel
48%
Noldor (Deep-elves) 19 Herr von Eregion Celebrimbor
43%
Noldor (Deep-elves) 51 Dritter König der Noldor in Valinor Finarfin
43%
Noldor 86 Herr von Himring Maedhros der Lange
43%
Noldor (Deep-elves) 114 Dritter Hoher König der Noldor in Mittelerde Turgon der Kluge
38%
Sindar 18 Herrin von Bruchtal Celebrían
33%
Falmari 98 König der Falmari in Alqualondë Olwë Ciriáran
33%
Sindar 15 Hauptmann der Grenzwache von Doriath Beleg Cúthalion
29%
Peredhil 36 Sohn von 39, Zwillingsbruder von 38 Elladan
29%
Peredhil 38 Sohn von 39, Zwillingsbruder von 36 Elrohir
29%
Sindar 47 Herr von Nan Elmoth Eöl der Dunkelelb
29%
Noldor (Deep-elves) 71 Prinzessin von Gondolin Idril Celebrindal
29%
Sindar 101 Erster König des Waldlandreichs Oropher
29%
Noldor (Deep-elves) 1 Herr von Dorthonion Aegnor
24%
Noldor (Deep-elves) 4 Sohn von 50, Zwillingsbruder von 5 Amras
24%
Noldor (Deep-elves) 5 Sohn von 50, Zwillingsbruder von 4 Amrod
24%
Peredhil 25 Zweiter König von Doriath Dior Eluchíl
24%
Peredhil 43 Tochter von 25, Mutter von 35 und 39 Elwing
24%
Sindar 87 Herr des Hauses des Maulwurfs Maeglin
24%
Noldor (Deep-elves) 88 Zweiter Sohn von 50 Maglor der Spielmann
24%
Noldor (Deep-elves) 29 Herr des Hauses der Quelle Ecthelion
19%
Vanyar 76 Zweite Königin der Noldor in Valinor Indis die Blonde
19%
Vanyar 77 Hoher König der Elben Ingwë Ingweron
19%
Quendi 83 Elb aus Bruchtal Lindir
19%
Nandor 96 Elbenfrau aus Lórien Nimrodel
19%
Noldor (Deep-elves) 107 Gelehrter von Valinor Rúmil
19%
Nandor 108 Grenzwächter von Lórien, Bruder von 70 und 102 Rúmil
19%
Falmari 28 Vierte Königin der Noldor in Valinor Eärwen
14%
Quendi 49 Ranghöchster Berater des Herren von Bruchtal Erestor
14%
Noldor (Deep-elves) 66 Elb aus Bruchtal Gildor Inglorion
14%
Sindar 85 Hauptmann von Doriath Mablung von der schweren Hand
14%
Noldor (Deep-elves) 90 Erste Königin der Noldor in Valinor Míriel Serindë
14%
Noldor (Deep-elves) 100 Zweiter König von Nargothrond Orodreth
14%
Nandor 102 Grenzwächter von Lórien, Bruder von 70 und 108 Orophin
14%
Sindar 6 Zweiter König von Lórien Amroth
10%
Noldor (Deep-elves) 11 Weiße Dame der Noldor Aredhel
10%
Noldor (Deep-elves) 20 Herr von Himlad Celegorm der Helle
10%
Nandor 24 König der Laiquendi Denethor
10%
Noldor (Deep-elves) 52 Erste Tochter von 57 und 76 Findis
10%
Noldor (Deep-elves) 53 Tochter von 100 Finduilas Faelivrin
10%
Vanyar 2 Geliebte von 56 Amarië
5%
Sindar 3 Erster König von Lórien Amdír
5%
Noldor (Deep-elves) 7 Gemahlin von 54 Anairë
5%
Noldor (Deep-elves) 8 Herr von Dorthonion Angrod
5%
Sindar 9 Pflegemutter von Tuor Annael
5%
Noldor (Deep-elves) 10 Vater von 115, Edelmann von Gondolin Aranwë
5%
Noldor (Deep-elves) 12 Letztes Kind von 54 Argon
5%
Noldor (Deep-elves) 13 Elb aus Dorthonion Arminas
5%
Noldor (Deep-elves) 16 Herr von Thargelion Caranthir der Dunkle
5%
Sindar 23 Gelehrter und Spielmann von Doriath Daeron
5%
Noldor (Deep-elves) 26 Herr des Hauses der Schwalbe Duilin
5%
Noldor (Deep-elves) 30 Elb aus Nargothrond Edrahil
5%
Noldor (Deep-elves) 31 Herr des Hauses des Himmlischen Bogens Egalmoth
5%
Quendi 32 Gemahlin von 8 Eldalótë
5%
Noldor (Deep-elves) 33 Hauptmann der Wache des Tores aus Holz Elemmacil
5%
Vanyar 34 Gemahlin von 114 Elenwë
5%
Sindar 37 Prinz von Doriath, Bruder von 40 Elmo
5%
Peredhil 41 Sohn von 25, Zwillingsbruder von 42 Eluréd
5%
Peredhil 42 Sohn von 25, Zwillingsbruder von 41 Elurín
5%
Nelyar 44 Gründer des Stammes der Nelyar Enel
5%
Nelyar 45 Gemahlin des Gründers des Stammes Nelyar Enelyë
5%
Noldor (Deep-elves) 46 Edelsteinschmied von Gondolin Enerdhil
5%
Sindar 58 Vater von 17 und 60 Galadhon
5%
Sindar 60 Vater von 95 Galathil
5%
Noldor (Deep-elves) 62 Herr des Hauses des Baumes Galdor
5%
Sindar 61 Elb aus den Grauen Anfurten Galdor von den Grauen Anfurten
5%
Nandor 63 Kellermeister des Waldlandreichs Galion
5%
Noldor (Deep-elves) 64 Sohn von 68, Bruder von 69 Gelmir
5%
Noldor (Deep-elves) 65 Elb aus Dorthonion Gelmir
5%
Noldor (Deep-elves) 68 Edelmann von Nargothrond Guilin
5%
Noldor (Deep-elves) 69 Prinz von Nargothrond Gwindor
5%
Minyar 72 Vater von 77 Ilion
5%
Vanyar 73 Gemahlin des Hohen Königs der Elben Ilwen
5%
Minyar 74 Gründer des Stammes der Minyar Imin
5%
Minyar 75 Gemahlin des Gründers des Stammes der Minyar Iminyë
5%
Vanyar 78 Sohn von 73 und 77 Ingwion
5%
Noldor (Deep-elves) 79 Zweite Tochter von 57 und 76 Írimë Lalwendë
5%
Nandor 80 Elb aus dem Hofstaat von Doriath Ithilbor
5%
Nandor 82 Anführer der Nandor Lenwë
5%
Noldor (Deep-elves) 89 Vater von 94 Mahtan Urundil
5%
Nandor 91 Elb aus Lórien Mithrellas
5%
Avari 92 Anführer der Avari Morwë
5%
Sindar 93 Elb aus Doriath Nellas
5%
Noldor (Deep-elves) 94 Dritte Königin der Noldor in Valinor Nerdanel die Weise
5%
Sindar 95 Zweite Königin von Doriath Nimloth Elulin
5%
Avari 97 Anführer der Avari Nurwë
5%
Noldor (Deep-elves) 99 Elb aus Nargothrond Ornil
5%
Noldor (Deep-elves) 103 Gelehrter von Gondolin Pengolodh
5%
Noldor (Deep-elves) 104 Herr des Hauses der Säule und des Hauses des Turms aus Schnee Penlod
5%
Noldor (Deep-elves) 105 Gelehrter von Aman Quennar Onótimo
5%
Noldor (Deep-elves) 106 Herr des Hauses des Hammers des Zorns Rog
5%
Nandor 109 Elb aus dem Hofstaat von Doriath Saeros
5%
Noldor (Deep-elves) 110 Herr der Hauses der Harfe Salgant
5%
Tatyar 111 Gründer des Stammes der Tatyar Tata
5%
Tatyar 112 Gemahlin des Gründers des Stammes der Tatyar Tatië
5%
Noldor (Deep-elves) 115 Seefahrer aus Gondolin Voronwë Aranwion
5%
Keine übereinstimmenden Quizze gefunden
Verteilung der Resultate
Anzahl Personen mit jedem Resultat
Perzentil nach korrekt beantworteten Fragen
Ihre Resultats-Entwicklung
Sie haben dieses Quiz noch nicht gespielt